[Event "IND-chT 40th"]
[Site "Ahmedabad"]
[Date "2020.02.13"]
[Round "9.2"]
[White "Bhatt, Jalpan"]
[Black "Puranik, Abhimanyu Sameer"]
[Result "0-1"]
[WhiteElo "1983"]
[BlackElo "2597"]
[PlyCount "40"]
[EventDate "2020.02.07"]
[EventType "team-swiss"]
[EventRounds "9"]
[EventCountry "IND"]
[SourceTitle "CBM 194 Extra"]
[Source "ChessBase"]
[SourceDate "2020.03.31"]
[SourceVersion "1"]
[SourceVersionDate "2020.03.31"]
[SourceQuality "1"]
[WhiteTeam "Gujarat"]
[BlackTeam "Airports Authority"]
[WhiteTeamCountry "IND"]
[BlackTeamCountry "IND"]

1. e4 e5 2. Nf3 Nc6 3. Bc4 Nf6 4. Ng5 d5 5. exd5 Na5 6. Bb5+ c6 7. dxc6 bxc6 8. Bd3 Ng4 9. Ne4 f5 10. Be2 h5 11. h3 fxe4 12. hxg4 Bc5 13. b4 Qd4 14. bxc5 0-0 15. f3 exf3 16. gxf3 Qxa1 17. Nc3 hxg4 18. fxg4 Be6 19. Ne4 Bd5 20. Bd3 Rf4 0-1

[Event "Commonwealth-ch"]
[Site "New Delhi"]
[Date "2019.07.03"]
[Round "5"]
[White "Saurabh, Anand"]
[Black "Bhatt, Jalpan"]
[Result "1/2-1/2"]
[WhiteElo "2351"]
[BlackElo "2001"]
[PlyCount "61"]
[EventDate "2019.06.30"]
[EventType "swiss"]
[EventRounds "9"]
[EventCountry "IND"]
[SourceTitle "CBM 191 Extra"]
[Source "ChessBase"]
[SourceDate "2019.09.30"]
[SourceVersion "1"]
[SourceVersionDate "2019.09.30"]
[SourceQuality "1"]

1. e4 c5 2. Nf3 Nc6 3. d4 cxd4 4. Nxd4 g6 5. Nc3 Bg7 6. Be3 Nf6 7. Bc4 0-0 8. Bb3 a5 9. 0-0 a4 10. Nxa4 Nxe4 11. Nb5 d5 12. Bb6 Qd7 13. Qe2 Ne5 14. Rad1 e6 15. f3 Nd6 16. Nxd6 Qxd6 17. Bc5 Qc7 18. Bxf8 Bxf8 19. Nc3 b6 20. Rfe1 Bd6 21. Nxd5 exd5 22. Rxd5 Ba6 23. Qd2 Nc4 24. Bxc4 Bxh2+ 25. Kh1 Bf4 26. Qd4 Qxc4 27. b3 Qxd4 28. Rxd4 g5 29. a4 Kg7 30. Re7 Kf6 31. Re1 1/2-1/2

[Event "Commonwealth-ch"]
[Site "New Delhi"]
[Date "2019.06.30"]
[Round "1"]
[White "Lalith, Babu MR"]
[Black "Bhatt, Jalpan"]
[Result "1-0"]
[WhiteElo "2571"]
[BlackElo "2001"]
[PlyCount "81"]
[EventDate "2019.06.30"]
[EventType "swiss"]
[EventRounds "9"]
[EventCountry "IND"]
[SourceTitle "CBM 191 Extra"]
[Source "ChessBase"]
[SourceDate "2019.09.30"]
[SourceVersion "1"]
[SourceVersionDate "2019.09.30"]
[SourceQuality "1"]

1. c4 Nf6 2. Nc3 e5 3. g3 Bb4 4. Bg2 Bxc3 5. bxc3 0-0 6. d3 Re8 7. e4 c6 8. g4 d6 9. h3 Na6 10. Ne2 Nc7 11. g5 Nh5 12. Bf3 Nf4 13. Nxf4 exf4 14. Bxf4 Ne6 15. Be3 Nxg5 16. Rg1 Nxf3+ 17. Qxf3 Re6 18. Bg5 f6 19. Be3 d5 20. exd5 cxd5 21. cxd5 Re5 22. Qg3 g6 23. c4 Bf5 24. Rd1 Qa5+ 25. Kf1 Qxa2 26. Kg2 Rae8 27. Rd2 Qa5 28. Bf4 Re1 29. Rxe1 Rxe1 30. Be3 Qd8 31. Bxa7 Qd7 32. f3 Qe8 33. Bf2 Re2 34. Rxe2 Qxe2 35. Qb8+ Kg7 36. Qxb7+ Kh6 37. Qb6 Bxd3 38. Qxf6 Bxc4 39. d6 Bb5 40. d7 Bxd7 41. Qh4+ 1-0

[Event "IND-ch U25"]
[Site "Kankarbagh"]
[Date "2015.10.14"]
[Round "3"]
[White "Bhatt, Jalpan"]
[Black "Sahil, Dhawan"]
[Result "0-1"]
[WhiteElo "2078"]
[BlackElo "1761"]
[PlyCount "112"]
[EventDate "2015.10.13"]
[EventType "swiss"]
[EventRounds "9"]
[EventCountry "IND"]
[SourceTitle "CBM 168 Extra"]
[Source "ChessBase"]
[SourceDate "2015.10.29"]
[SourceVersion "1"]
[SourceVersionDate "2015.10.29"]
[SourceQuality "1"]

1. Nf3 Nf6 2. c4 e6 3. Nc3 d5 4. d4 Be7 5. Bg5 h6 6. Bh4 0-0 7. e3 b6 8. cxd5 exd5 9. Bd3 Bb7 10. Qc2 Nbd7 11. Rc1 c5 12. 0-0 Rc8 13. Qe2 c4 14. Bf5 g6 15. Bh3 g5 16. Bxd7 Nxd7 17. Bg3 Re8 18. Qc2 Bf6 19. Nb5 Re6 20. Nd6 Rxd6 21. Bxd6 b5 22. Qf5 Rc6 23. Be5 Bc8 24. Bxf6 Nxf6 25. Qc2 Ne4 26. Ne5 Ra6 27. f3 Nd6 28. g4 Rxa2 29. Nc6 Qe8 30. Nb4 Qxe3+ 31. Kg2 Ra4 32. Nxd5 Qe6 33. Nc3 Bb7 34. h3 Rb4 35. Rce1 Qf6 36. Re5 Qf4 37. Ne2 Qf6 38. Ng3 Qf4 39. Ne2 Qf6 40. Rf2 Rb3 41. Nc3 Qf4 42. Qd1 h5 43. Nd5 Bxd5 44. Rxd5 h4 45. Qd2 Re3 46. Kf1 c3 47. bxc3 Nc4 48. Qc1 Qg3 49. Rxg5+ Kf8 50. Re5 Qxh3+ 51. Kg1 Qg3+ 52. Rg2 Qxf3 53. Rf5 Qe4 54. Rf1 h3 55. Rgf2 Rg3+ 56. Kh2 Rg2+ 0-1

[Event "IND-chB 48th"]
[Site "Bhiwani"]
[Date "2010.09.16"]
[Round "1"]
[White "Bhatt, Jalpan"]
[Black "Thakur, Akash"]
[Result "0-1"]
[WhiteElo "1962"]
[BlackElo "2356"]
[PlyCount "42"]
[EventDate "2010.09.16"]
[EventType "swiss"]
[EventRounds "13"]
[EventCountry "IND"]
[SourceTitle "CBM 138 Extra"]
[Source "ChessBase"]
[SourceDate "2010.10.29"]
[SourceVersion "1"]
[SourceVersionDate "2010.10.29"]
[SourceQuality "1"]

1. Nf3 d5 2. d4 Nc6 3. Bf4 Bg4 4. e3 e6 5. h3 Bh5 6. Nbd2 Bd6 7. c3 Nf6 8. Be2 0-0 9. 0-0 Ne4 10. Nxe4 dxe4 11. Nd2 Bxe2 12. Qxe2 f5 13. Qh5 e5 14. dxe5 g6 15. Qd1 Bxe5 16. Qb3+ Rf7 17. Rad1 Bxf4 18. Nxe4 Bd6 19. Nc5 Rb8 20. Nxb7 Qf6 21. Kh1 Na5 0-1